[Event "TCh-TUR 2011"]
[Site "Konya TUR"]
[Date "2011.07.02"]
[Round "6"]
[White "Korkmaz, Necmettin"]
[Black "Bayram, Yakup"]
[Result "1/2-1/2"]
[BlackTitle "FM"]
[WhiteElo "2189"]
[BlackElo "2268"]
[WhiteTeam "Bursa Tophane Meslek Lisesi S.K."]
[BlackTeam "Tarsus Zeka Satranc S.K."]
[WhiteFideId "6303285"]
[BlackFideId "6300677"]
[EventDate "2011.06.28"]

1. e4 e5 2. Nf3 Nc6 3. d4 exd4 4. Bc4 Nf6 5. O-O Nxe4 6. Re1 d5 7. Bxd5 Qxd5 8.
Nc3 Qd8 9. Nxe4 Be6 10. Neg5 Qd7 11. Nxf7 Kxf7 12. Ng5+ Kg8 13. Nxe6 Re8 14.
Nxf8 Rxe1+ 15. Qxe1 Kxf8 16. Bf4 Qf5 17. Bxc7 Kf7 18. Qd2 Re8 19. Bg3 Qb5 20. b3
g5 21. Re1 Qb4 22. Qxb4 Nxb4 23. Rxe8 Kxe8 24. Kf1 Nxa2 25. Be5 d3 26. cxd3 Nc1
27. b4 Ke7 28. Bd4 b6 29. Be3 Nxd3 30. Bxg5+ Ke6 31. Bd2 Kd5 32. Ke2 Kc4 33. f4
Nxb4 34. Bxb4 1/2-1/2

[Event "TCh-TUR 2011"]
[Site "Konya TUR"]
[Date "2011.07.02"]
[Round "6"]
[White "Zimina, Olga"]
[Black "Gvetadze, Sopio"]
[Result "1/2-1/2"]
[WhiteTitle "IM"]
[BlackTitle "IM"]
[WhiteElo "2346"]
[BlackElo "2330"]
[WhiteTeam "Tarsus Zeka Satranc S.K."]
[BlackTeam "Bursa Tophane Meslek Lisesi S.K."]
[WhiteFideId "4132190"]
[BlackFideId "13601440"]
[EventDate "2011.06.28"]

1. e4 e5 2. Nf3 Nc6 3. Bc4 Bc5 4. O-O Nf6 5. d3 O-O 6. Bb3 a6 7. Nbd2 Re8 8. a3
h6 9. h3 d5 10. exd5 Nxd5 11. Ne4 Be7 12. Re1 Be6 13. Ng3 Bd6 14. c3 Nf6 15. Bc2
Qd7 16. Ne4 Be7 17. Ng3 Bd6 18. Ne4 Be7 19. Ng3 Bd6 20. Ne4 Be7 1/2-1/2

[Event "TCh-TUR 2011"]
[Site "Konya TUR"]
[Date "2011.07.02"]
[Round "6"]
[White "Sanal, Suna"]
[Black "Tulay, Seray"]
[Result "0-1"]
[WhiteElo "1685"]
[BlackElo "1778"]
[WhiteTeam "Bursa Tophane Meslek Lisesi S.K."]
[BlackTeam "Tarsus Zeka Satranc S.K."]
[WhiteFideId "6315380"]
[BlackFideId "6307787"]
[EventDate "2011.06.28"]

1. e4 c5 2. Nf3 e6 3. d4 cxd4 4. Nxd4 Nf6 5. Nc3 Qc7 6. Bd3 a6 7. a4 b6 8. O-O
Bb7 9. Kh1 Be7 10. f4 d6 11. Qe2 Nbd7 12. Nb3 O-O 13. Bd2 Rfd8 14. Rae1 e5 15.
Qf3 Nc5 16. Nc1 Qd7 17. b3 Bf8 18. N1e2 d5 19. exd5 e4 20. Nxe4 Nfxe4 21. Bxe4
Nxe4 22. Qxe4 Bxd5 23. Qd3 Qc6 24. Qg3 Bxg2+ 25. Qxg2 Qxg2+ 26. Kxg2 Rxd2 27. c3
Re8 28. Kf3 Rd3+ 29. Kg2 Rd2 30. Kf3 Rd3+ 31. Kg2 Rde3 32. Rf2 R8e4 33. Kf1 Be7
34. Rd1 Bh4 35. Rg2 Re8 36. Rd4 Rf3+ 37. Kg1 Rfe3 38. f5 Bf6 39. Rd2 Bxc3 40.
Nxc3 Rxc3 41. Rg3 Rc1+ 42. Kf2 Rc5 43. Rf3 Rc6 44. Re3 Kf8 45. Red3 Rec8 46. h3
Rc2 47. Rxc2 Rxc2+ 48. Ke3 Ke7 49. Ke4 Rc6 50. Ke5 Rc5+ 51. Ke4 Rc6 52. Ke5 Rc5+
53. Ke4 g6 54. fxg6 hxg6 55. Kf4 Ke6 56. Ke4 Re5+ 57. Kf4 Rd5 58. Re3+ Kf6 59.
Rc3 Rd4+ 60. Kg3 Ke5 61. Kf3 f5 62. Re3+ Re4 63. Rc3 Rd4 64. Re3+ Kd5 65. Rc3 g5
66. Kg3 Ke4 67. h4 Rd3+ 68. Rxd3 gxh4+ 69. Kxh4 Kxd3 0-1

[Event "TCh-TUR 2011"]
[Site "Konya TUR"]
[Date "2011.07.02"]
[Round "6"]
[White "Benzetsel, Ekim"]
[Black "Vatansever, Berk"]
[Result "1-0"]
[WhiteElo "1778"]
[BlackElo "1717"]
[WhiteTeam "Tarsus Zeka Satranc S.K."]
[BlackTeam "Bursa Tophane Meslek Lisesi S.K."]
[WhiteFideId "6332749"]
[BlackFideId "6324738"]
[EventDate "2011.06.28"]

1. e4 c6 2. d4 d5 3. exd5 cxd5 4. Bd3 Nc6 5. c3 Qc7 6. Ne2 Bg4 7. f3 Bd7 8. Bf4
e5 9. dxe5 Nxe5 10. Bc2 Bc6 11. O-O Bd6 12. Nd4 Ne7 13. Bg3 O-O 14. Nd2 N5g6 15.
Bxd6 Qxd6 16. N2b3 Nf4 17. Qd2 Rfe8 18. Rfe1 Neg6 19. Nf5 Qc7 20. Nbd4 Rad8 21.
Rad1 Ne6 22. g3 Qb6 23. Bb3 Nxd4 24. Qxd4 Qxd4+ 25. Nxd4 Kf8 26. Kf2 Re5 27. f4
Rxe1 28. Rxe1 Ne7 29. Rd1 Ng8 30. Nc2 b6 31. Nb4 Ne7 32. Nxc6 Nxc6 33. Rxd5 Rxd5
34. Bxd5 Ne7 35. Be4 g6 36. Ke3 Ke8 37. Kd4 f6 38. c4 Kd7 39. b4 Kd6 40. c5+
bxc5+ 41. bxc5+ Kd7 42. g4 h6 43. h4 f5 44. gxf5 gxf5 45. Bd3 Kc6 46. h5 Kd7 47.
Ke5 Kc6 48. Bxf5 Kxc5 49. Be4 1-0

[Event "TCh-TUR 2011"]
[Site "Konya TUR"]
[Date "2011.07.02"]
[Round "6"]
[White "Ulusoy, Nisan"]
[Black "Akgul, Beyza"]
[Result "1-0"]
[WhiteElo "1585"]
[BlackElo "1582"]
[WhiteTeam "Bursa Tophane Meslek Lisesi S.K."]
[BlackTeam "Tarsus Zeka Satranc S.K."]
[WhiteFideId "6322247"]
[BlackFideId "6325556"]
[EventDate "2011.06.28"]

1. e4 e6 2. d4 d5 3. Nc3 Nf6 4. e5 Nfd7 5. f4 c5 6. Nf3 Nc6 7. Be3 Qb6 8. Na4
Qa5+ 9. c3 cxd4 10. b4 Qc7 11. Nxd4 Nxd4 12. Bxd4 Be7 13. Bd3 O-O 14. O-O f6 15.
Qh5 f5 16. Rf3 g6 17. Qh6 Rf7 18. Kh1 a6 19. Rg1 Qd8 20. g4 Bf8 21. Qh3 Nb8 22.
Nb6 Ra7 23. Nxc8 Qxc8 24. Bxa7 Nc6 25. Bf2 Rg7 26. Bh4 d4 27. Bf6 Rf7 28. gxf5
Ne7 29. Bxe7 Bxe7 30. fxg6 hxg6 31. Rxg6+ Rg7 32. Rxg7+ Kxg7 33. Rg3+ 1-0

[Event "TCh-TUR 2011"]
[Site "Konya TUR"]
[Date "2011.07.02"]
[Round "6"]
[White "Tanrikulu, Erhan"]
[Black "Yaramis, Hakan"]
[Result "1-0"]
[WhiteElo "2264"]
[BlackElo "2094"]
[WhiteTeam "Besiktas Jimnastik Kulubu"]
[BlackTeam "Turk Hava Yollari S.K."]
[WhiteFideId "6302092"]
[BlackFideId "6304613"]
[EventDate "2011.06.28"]

1. e4 e6 2. d4 c5 3. c3 cxd4 4. cxd4 d5 5. exd5 exd5 6. Nf3 Nf6 7. Nc3 Nc6 8.
Be2 Be7 9. O-O O-O 10. Bf4 Ne4 11. Rc1 Nxc3 12. Rxc3 Bf6 13. Qd2 Bg4 14. Be3 Re8
15. h3 Bh5 16. Rfc1 a6 17. Bd1 Bxf3 18. Bxf3 Na5 19. Bxd5 Qxd5 20. Rc5 Qxa2 21.
Rxa5 Qe6 22. Rac5 Rac8 23. d5 Qd7 24. d6 Rxc5 25. Rxc5 Be5 26. Bf4 Bxf4 27. Qxf4
Qe6 28. Rc7 b5 29. Qd4 Rd8 30. Re7 Qf6 31. Qb6 Rc8 32. Qc7 Rf8 33. Qc5 g6 34. d7
Kg7 35. Re8 1-0

[Event "TCh-TUR 2011"]
[Site "Konya TUR"]
[Date "2011.07.02"]
[Round "6"]
[White "Yilmazyerli, Mert"]
[Black "Erbis, Baris"]
[Result "1-0"]
[WhiteTitle "FM"]
[WhiteElo "2318"]
[BlackElo "1933"]
[WhiteTeam "Besiktas Jimnastik Kulubu"]
[BlackTeam "Turk Hava Yollari S.K."]
[WhiteFideId "6305962"]
[BlackFideId "6305202"]
[EventDate "2011.06.28"]

1. e4 d6 2. d4 Nf6 3. Nc3 g6 4. Bg5 Bg7 5. e5 Nfd7 6. exd6 cxd6 7. Qd2 Nc6 8. d5
Nd4 9. Nge2 Nxe2 10. Bxe2 h6 11. Be3 a6 12. a4 Qa5 13. O-O Ne5 14. f4 Ng4 15.
Bd4 Bxd4+ 16. Qxd4 O-O 17. Rae1 Nf6 18. Bd3 Re8 19. f5 g5 20. Rxe7 Rxe7 21. Qxf6
Kf8 22. Qh8# 1-0

[Event "TCh-TUR 2011"]
[Site "Konya TUR"]
[Date "2011.07.02"]
[Round "6"]
[White "Yargici, Mazhar Kutay"]
[Black "Emiroglu, Cankut"]
[Result "1-0"]
[WhiteElo "1926"]
[BlackElo "2216"]
[WhiteTeam "Turk Hava Yollari S.K."]
[BlackTeam "Besiktas Jimnastik Kulubu"]
[WhiteFideId "6310400"]
[BlackFideId "6306659"]
[EventDate "2011.06.28"]

1. d4 Nf6 2. c4 e6 3. Nc3 Bb4 4. e3 c5 5. a3 Bxc3+ 6. bxc3 d5 7. cxd5 exd5 8.
Bd3 O-O 9. Ne2 b6 10. O-O Ba6 11. Ng3 Bxd3 12. Qxd3 Nc6 13. f3 Qd7 14. Bb2 Rac8
15. Rad1 cxd4 16. cxd4 Ne7 17. e4 Qa4 18. Bc1 Qc2 19. Bg5 Qxd3 20. Rxd3 h6 21.
Bxf6 gxf6 22. Nh5 Rc6 23. e5 f5 24. Nf6+ Kh8 25. g4 Rd8 26. f4 fxg4 27. f5 Rdc8
28. Nxg4 Rg8 29. Rg3 Rg5 30. Ne3 f6 31. Rxg5 hxg5 32. Ng4 Ng8 33. Ne3 Ne7 34.
Ng4 Ng8 35. Rb1 Kg7 36. Rb5 fxe5 37. dxe5 Rc5 38. Rb3 d4 39. Rf3 Rc7 40. Kf2 b5
41. f6+ Kf7 42. Rh3 Ke6 43. Rh8 Rc8 44. Rh7 Kf5 45. h3 a5 46. Rb7 Kg6 47. Rxb5
Nh6 48. Rxa5 Rc3 49. Nxh6 Kxh6 50. f7 Kg7 51. e6 Rc8 52. Rxg5+ Kf6 53. Rg8 1-0

[Event "TCh-TUR 2011"]
[Site "Konya TUR"]
[Date "2011.07.02"]
[Round "6"]
[White "Birgelir, Melisa"]
[Black "Yaka, Beyza"]
[Result "1/2-1/2"]
[WhiteElo "1735"]
[BlackElo "1525"]
[WhiteTeam "Besiktas Jimnastik Kulubu"]
[BlackTeam "Turk Hava Yollari S.K."]
[WhiteFideId "6300308"]
[BlackFideId "6303641"]
[EventDate "2011.06.28"]

1. e4 e5 2. Nf3 d6 3. d3 Nf6 4. g3 Nc6 5. Bg2 Be7 6. c3 O-O 7. O-O d5 8. Nbd2
dxe4 9. dxe4 Re8 10. Qc2 Bf8 11. Nc4 Bd7 12. Bg5 h6 13. Be3 a6 14. b4 Qc8 15.
Rad1 b5 16. Nb2 a5 17. a3 axb4 18. axb4 Bg4 19. Rfe1 Bd6 20. Ra1 Qb7 21. Nd2
Rxa1 22. Rxa1 Ra8 23. Rxa8+ Qxa8 24. Nd3 Nd7 25. Qb2 Qa4 26. Qc1 Kh7 27. f3 Be6
28. Nb2 Qa6 29. Bf1 Na7 30. Kg2 c6 31. Qc2 f6 32. Bd3 Nc8 33. Nb3 Be7 34. Na5 c5
35. Be2 cxb4 36. cxb4 Bxb4 37. Nb3 Ncb6 38. Bxb6 Qxb6 39. Qd3 Be1 40. Nd1 Bb4
41. Nc1 Qc7 42. Qxb5 Ba3 43. Nd3 Qc2 44. N3f2 Qb3 1/2-1/2

[Event "TCh-TUR 2011"]
[Site "Konya TUR"]
[Date "2011.07.02"]
[Round "6"]
[White "Ozgur, Emre"]
[Black "Ali Marandi, Cemil Can"]
[Result "0-1"]
[BlackTitle "FM"]
[WhiteElo "1732"]
[BlackElo "2265"]
[WhiteTeam "Turk Hava Yollari S.K."]
[BlackTeam "Besiktas Jimnastik Kulubu"]
[WhiteFideId "6322824"]
[BlackFideId "6300529"]
[EventDate "2011.06.28"]

1. d4 d5 2. c4 c6 3. Nf3 Nf6 4. Nc3 e6 5. Bg5 h6 6. Bxf6 Qxf6 7. e3 Nd7 8. Bd3
g6 9. O-O dxc4 10. Bxc4 Bg7 11. Rc1 O-O 12. e4 e5 13. d5 Nb6 14. Bb3 Bd7 15. Qe2
c5 16. Nd2 Nc8 17. Ba4 Bxa4 18. Nxa4 b6 19. a3 Nd6 20. Nc3 a6 21. b4 cxb4 22.
axb4 Rfc8 23. Na4 Nb5 24. Nb3 Qd6 25. Rc4 Rxc4 26. Qxc4 Bf8 27. Qc6 Rb8 28. Qxd6
Bxd6 29. Rc1 Na7 30. Rd1 Kf8 31. f4 exf4 32. Kf2 Ke7 33. Kf3 f6 34. Nd4 Bxb4 35.
Rb1 a5 36. Nc2 b5 37. Nb2 Bd6 38. Nd3 Be5 39. Nxf4 Bxf4 40. Kxf4 b4 41. e5 Nb5
42. Nxb4 axb4 43. exf6+ 0-1

[Event "TCh-TUR 2011"]
[Site "Konya TUR"]
[Date "2011.07.04"]
[Round "7"]
[White "Durarbeyli, Vasif"]
[Black "Atakisi, Umut"]
[Result "1-0"]
[WhiteTitle "GM"]
[BlackTitle "IM"]
[WhiteElo "2511"]
[BlackElo "2370"]
[WhiteTeam "Gazi Universitesi S.K."]
[BlackTeam "Besiktas Jimnastik Kulubu"]
[WhiteFideId "13402935"]
[BlackFideId "6301037"]
[EventDate "2011.06.28"]

1. e4 c5 2. Nf3 Nc6 3. d4 cxd4 4. Nxd4 Nf6 5. Nc3 e5 6. Ndb5 d6 7. Bg5 a6 8. Na3
b5 9. Nd5 Be7 10. Bxf6 Bxf6 11. c4 b4 12. Nc2 a5 13. Qf3 Bg5 14. h4 Bh6 15. g4
Bf4 16. Be2 O-O 17. Nxf4 exf4 18. Qxf4 Ne5 19. Rd1 Qc7 20. Ne3 Bb7 21. O-O Ng6
22. Qxd6 Qxd6 23. Rxd6 Bxe4 24. f3 Bb7 25. Ng2 Rfe8 26. Kf2 Re7 27. Rfd1 Rae8
28. R1d2 Ne5 29. b3 g5 30. Bd1 gxh4 31. Nxh4 Ng6 32. Nf5 Re5 33. Rd8 Kf8 34.
Rxe8+ Rxe8 35. Rd7 Bc8 36. Ra7 Bxf5 37. gxf5 Nf4 38. f6 1-0

[Event "TCh-TUR 2011"]
[Site "Konya TUR"]
[Date "2011.07.04"]
[Round "7"]
[White "Yeke, Serkan"]
[Black "Marasli, Tutku Kahraman"]
[Result "1-0"]
[WhiteTitle "FM"]
[WhiteElo "2293"]
[BlackElo "2209"]
[WhiteTeam "Gazi Universitesi S.K."]
[BlackTeam "Besiktas Jimnastik Kulubu"]
[WhiteFideId "6301142"]
[BlackFideId "6307493"]
[EventDate "2011.06.28"]

1. Nf3 Nf6 2. c4 e6 3. Nc3 d5 4. cxd5 exd5 5. d4 c6 6. Bg5 h6 7. Bh4 Be7 8. Qc2
O-O 9. e3 Ne4 10. Bxe7 Qxe7 11. Nxe4 Bf5 12. Nfd2 Bxe4 13. Nxe4 dxe4 14. O-O-O
Nd7 15. Be2 Nf6 16. Kb1 Nd5 17. h4 f5 18. g3 a5 19. Rc1 Rf6 20. Qc5 Kf8 21. h5
Qxc5 22. Rxc5 Ke7 23. Bc4 Nb6 24. Be2 Nd5 25. Rhc1 Kd7 26. a3 Ra7 27. Bb5 Rd6
28. Ba4 Ra8 29. Bb3 b6 30. R5c2 Rc8 31. Ka2 Nf6 32. Bf7 Ke7 33. Bg6 Ke6 34. b4
axb4 35. axb4 Nd5 36. Kb3 Ne7 37. b5 Rd5 38. bxc6 Rb5+ 39. Kc3 Rxc6+ 40. Kd2
Rxc2+ 41. Rxc2 Rd5 42. Be8 Kd6 43. Kc3 Ra5 44. Kb4 Ra8 45. Bf7 Ra5 46. Rc1 Nc6+
47. Kb3 Ra7 48. Be8 Ne7 49. Rg1 Ra8 50. Bf7 Rf8 51. Bc4 Nc6 52. Bb5 Ne7 53. Ra1
Rc8 54. Ra6 Rb8 55. Ra7 Ke6 56. Bc4+ Kd6 57. Bb5 Ke6 58. Rd7 Kf6 59. Rd6+ Kg5
60. Be2 g6 61. Re6 Rb7 62. hxg6 Nxg6 63. d5 Nf8 64. Re8 Nd7 65. d6 Kf6 66. Bb5
Ne5 67. Kc3 Ra7 68. Kd4 Ra2 69. Rxe5 Rd2+ 70. Kc3 Rxd6 71. Re8 Rd5 72. Bc4 Rd6
73. Rf8+ Kg5 74. Rg8+ Kf6 75. Ba6 Kf7 76. Rb8 Ke7 77. Rc8 Kf7 78. Bb5 Rd1 79.
Rc6 Rb1 80. Rxb6 Kg7 81. Kc2 Rb4 82. Rb7+ Kf6 83. Ba6 Ra4 84. Be2 Ra8 85. Bc4
Rh8 86. Kc3 h5 87. Kd4 Re8 88. Rh7 Rd8+ 89. Bd5 Kg6 90. Ra7 Kf6 91. Ra8 Rd6 92.
Rf8+ Kg6 93. Ke5 Rd7 94. Rf6+ Kg5 95. Rxf5+ Kg4 96. Be6 Rd2 97. Kxe4 Re2 98. Bf7
Rb2 99. Bxh5+ 1-0

[Event "TCh-TUR 2011"]
[Site "Konya TUR"]
[Date "2011.07.04"]
[Round "7"]
[White "Nyzhnyk, Illya"]
[Black "Yilmazyerli, Mert"]
[Result "1/2-1/2"]
[WhiteTitle "GM"]
[BlackTitle "FM"]
[WhiteElo "2583"]
[BlackElo "2318"]
[WhiteTeam "Gazi Universitesi S.K."]
[BlackTeam "Besiktas Jimnastik Kulubu"]
[WhiteFideId "14118084"]
[BlackFideId "6305962"]
[EventDate "2011.06.28"]

1. d4 Nf6 2. c4 e6 3. Nf3 d5 4. Nc3 c6 5. g3 Nbd7 6. Bg2 dxc4 7. a4 a5 8. O-O
Be7 9. e4 O-O 10. Qc2 Nb6 11. Bf4 Bd7 12. Rfd1 Qc8 13. h3 Rd8 14. g4 c5 15. d5
exd5 16. exd5 h5 17. g5 Bf5 18. Qe2 Nfxd5 19. Nxd5 Nxd5 20. Rxd5 Rxd5 21. Qxe7
Qd8 22. Qxb7 Rd7 23. Qc6 Rc8 24. Qa6 Rd1+ 25. Rxd1 Qxd1+ 26. Kh2 Qxa4 27. g6
fxg6 28. Be5 Qc6 29. Qxc6 Rxc6 30. Nd2 Ra6 31. Bb7 Rb6 32. Bd5+ Be6 33. Nxc4 Ra6
34. Bxe6+ Rxe6 35. f4 a4 36. Kg3 Re7 37. Kf3 Rb7 38. Ke4 Rb3 39. Bc3 Kf7 40. Kd5
h4 41. Nd2 Rb8 42. Kxc5 Ke6 43. Nf3 Kf5 44. Nxh4+ Kxf4 45. Nxg6+ Kg5 46. Ne7 Rb7
47. Nc6 Kh4 48. Nd4 g5 49. Nf3+ Kh5 50. Nd2 Re7 51. Kb4 Re3 52. Kxa4 Rxh3 53.
Be5 Re3 54. Nc4 Re4 55. Kb3 Kh4 56. Kc3 g4 57. Kd3 Re1 58. Ne3 Kh3 59. Kd2 Rb1
60. Nd1 g3 61. Kc2 g2 62. Bd4 Ra1 63. Bg1 Kg3 64. Kd2 Rb1 65. Kc2 1/2-1/2

[Event "TCh-TUR 2011"]
[Site "Konya TUR"]
[Date "2011.07.04"]
[Round "7"]
[White "Emiroglu, Cankut"]
[Black "Koksal, Ege"]
[Result "1-0"]
[WhiteElo "2216"]
[BlackElo "2004"]
[WhiteTeam "Besiktas Jimnastik Kulubu"]
[BlackTeam "Gazi Universitesi S.K."]
[WhiteFideId "6306659"]
[BlackFideId "6317626"]
[EventDate "2011.06.28"]

1. e4 e5 2. Nf3 Nc6 3. Bb5 a6 4. Ba4 Nf6 5. O-O Be7 6. Re1 b5 7. Bb3 d6 8. c3
O-O 9. h3 Na5 10. Bc2 c5 11. d3 Qc7 12. Nbd2 Nc6 13. Nf1 Re8 14. Ng3 d5 15. Nh2
d4 16. Ng4 Nxg4 17. hxg4 Be6 18. Nf5 Bf8 19. Bd2 Rad8 20. cxd4 Nxd4 21. Nxd4
Rxd4 22. Be3 Rd7 23. Qf3 Red8 24. Red1 c4 25. dxc4 Bxc4 26. Bb3 Rd3 27. Rxd3
Rxd3 28. Rc1 Bc5 29. Bxc4 bxc4 30. Rxc4 Rxe3 31. Qxe3 1-0

[Event "TCh-TUR 2011"]
[Site "Konya TUR"]
[Date "2011.07.04"]
[Round "7"]
[White "Ali Marandi, Cemil Can"]
[Black "Dastan, Batuhan"]
[Result "1-0"]
[WhiteTitle "FM"]
[WhiteElo "2265"]
[BlackElo "2191"]
[WhiteTeam "Besiktas Jimnastik Kulubu"]
[BlackTeam "Gazi Universitesi S.K."]
[WhiteFideId "6300529"]
[BlackFideId "6300014"]
[EventDate "2011.06.28"]

1. e4 c5 2. c3 d5 3. exd5 Qxd5 4. d4 g6 5. Nf3 Bg7 6. Na3 cxd4 7. Bc4 Qe4+ 8.
Be3 Nh6 9. Bd3 Qd5 10. O-O O-O 11. Bc4 Qa5 12. Bxd4 e5 13. Be3 Ng4 14. Ng5 e4
15. Nxf7 Rxf7 16. Nb5 Nc6 17. Bxf7+ Kxf7 18. Nd6+ Kf8 19. Nxc8 Nce5 20. Nd6 Qc7
21. h3 Rd8 22. hxg4 Rxd6 23. Qe2 g5 24. Bxg5 Rg6 25. Bf4 Qc6 26. Bxe5 Bxe5 27.
Rfe1 Rh6 28. Qxe4 Bh2+ 29. Kf1 Bd6 30. Qxc6 1-0

[Event "TCh-TUR 2011"]
[Site "Konya TUR"]
[Date "2011.07.04"]
[Round "7"]
[White "Sahin, Handenur"]
[Black "Birgelir, Melisa"]
[Result "1-0"]
[WhiteElo "1738"]
[BlackElo "1735"]
[WhiteTeam "Gazi Universitesi S.K."]
[BlackTeam "Besiktas Jimnastik Kulubu"]
[WhiteFideId "6334865"]
[BlackFideId "6300308"]
[EventDate "2011.06.28"]

1. d4 d5 2. c4 e6 3. Nc3 Nf6 4. cxd5 exd5 5. Bg5 c6 6. Qc2 Bd6 7. e3 Nbd7 8. Bd3
Nf8 9. Nge2 Ng6 10. O-O-O Be6 11. h4 Be7 12. h5 Nf8 13. f3 h6 14. Bh4 N6d7 15.
Bxe7 Qxe7 16. Rdg1 O-O-O 17. g4 Kb8 18. Rg3 Nb6 19. f4 f6 20. Rhg1 Qf7 21. Kb1
Ka8 22. Nc1 Qe8 23. Nb3 Bf7 24. Nc5 Nfd7 25. Bf5 Kb8 26. N3a4 Nxc5 27. Nxc5 Nc4
28. Qc3 Nd6 29. Qb3 Qe7 30. Bd3 Ka8 31. Rc1 Qc7 32. Qa4 Rhe8 33. Rc3 Re7 34. Ra3
b6 35. Na6 Qb7 36. Nb4 b5 37. Qa5 Be8 38. Qxd8+ 1-0

[Event "TCh-TUR 2011"]
[Site "Konya TUR"]
[Date "2011.07.04"]
[Round "7"]
[White "Spasov, Vasil"]
[Black "Gagunashvili, Merab"]
[Result "1/2-1/2"]
[WhiteTitle "GM"]
[BlackTitle "GM"]
[WhiteElo "2594"]
[BlackElo "2603"]
[WhiteTeam "Bursa Tophane Meslek Lisesi S.K."]
[BlackTeam "Turk Hava Yollari S.K."]
[WhiteFideId "2900041"]
[BlackFideId "13601652"]
[EventDate "2011.06.28"]

1. e4 c6 2. d4 d5 3. Nc3 dxe4 4. Nxe4 Bf5 5. Ng3 Bg6 6. h4 h6 7. Nf3 Nd7 8. h5
Bh7 9. Bd3 Bxd3 10. Qxd3 e6 11. Bd2 Qc7 12. O-O-O Ngf6 13. Ne4 Nxe4 14. Qxe4 Nf6
15. Qe2 O-O-O 16. Kb1 Kb8 17. c4 Bd6 18. Bc3 Rhe8 19. g3 c5 20. dxc5 Qxc5 21.
Ne5 Bxe5 22. Qxe5+ Qxe5 23. Bxe5+ Kc8 24. Bxf6 gxf6 1/2-1/2

[Event "TCh-TUR 2011"]
[Site "Konya TUR"]
[Date "2011.07.04"]
[Round "7"]
[White "Kilicaslan, Hasan"]
[Black "Karakehajov, Kalin"]
[Result "0-1"]
[WhiteTitle "IM"]
[BlackTitle "IM"]
[WhiteElo "2250"]
[BlackElo "2493"]
[WhiteTeam "Turk Hava Yollari S.K."]
[BlackTeam "Bursa Tophane Meslek Lisesi S.K."]
[WhiteFideId "6300391"]
[BlackFideId "2906430"]
[EventDate "2011.06.28"]

1. d4 d5 2. c4 e6 3. Nc3 c6 4. cxd5 exd5 5. Nf3 Bf5 6. g3 Nd7 7. Bg2 Bd6 8. O-O
Ngf6 9. Nh4 Bg6 10. f4 Be4 11. Nxe4 Nxe4 12. Bxe4 dxe4 13. d5 O-O 14. dxc6 Bc5+
15. Kg2 bxc6 16. Qa4 Nf6 17. Rd1 Qb6 18. Bd2 Nd5 19. Qxe4 Rae8 20. Qf3 Ne3+ 21.
Bxe3 Rxe3 22. Qg4 Qxb2 23. Kh3 Rxe2 24. Rh1 Rfe8 25. Rad1 g6 26. Rd7 h5 27. Qg5
Be7 28. Rxe7 R8xe7 29. f5 Qd2 30. Qxd2 Rxd2 31. fxg6 Rxa2 32. Nf5 Re5 33. gxf7+
Kxf7 34. Rf1 c5 35. g4 hxg4+ 36. Kxg4 Ke6 37. Ng3 Rxh2 38. Ra1 Rh7 39. Ra6+ Kd5 0-1

[Event "TCh-TUR 2011"]
[Site "Konya TUR"]
[Date "2011.07.04"]
[Round "7"]
[White "Korkmaz, Necmettin"]
[Black "Genc, Cihan Sevinc"]
[Result "1-0"]
[WhiteElo "2189"]
[BlackElo "2213"]
[WhiteTeam "Bursa Tophane Meslek Lisesi S.K."]
[BlackTeam "Turk Hava Yollari S.K."]
[WhiteFideId "6303285"]
[BlackFideId "6304370"]
[EventDate "2011.06.28"]

1. e4 e6 2. d4 d5 3. Nd2 dxe4 4. Nxe4 Nd7 5. Nf3 Ngf6 6. Nxf6+ Nxf6 7. Bd3 Be7
8. O-O O-O 9. Qe2 b6 10. Rd1 Bb7 11. c4 Re8 12. Ne5 Qc8 13. c5 bxc5 14. dxc5 a5
15. Bg5 Ba6 16. Nc6 Nd5 17. Bxa6 Rxa6 18. Nxe7+ Nxe7 19. Bxe7 f6 20. Rd8 Rxd8
21. Bxd8 1-0

[Event "TCh-TUR 2011"]
[Site "Konya TUR"]
[Date "2011.07.04"]
[Round "7"]
[White "Yaramis, Hakan"]
[Black "Cebelli, Ozel"]
[Result "1/2-1/2"]
[WhiteElo "2094"]
[BlackElo "2130"]
[WhiteTeam "Turk Hava Yollari S.K."]
[BlackTeam "Bursa Tophane Meslek Lisesi S.K."]
[WhiteFideId "6304613"]
[BlackFideId "6301169"]
[EventDate "2011.06.28"]

1. e4 e6 2. d4 d5 3. Nd2 dxe4 4. Nxe4 Bd7 5. Nf3 Bc6 6. Bd3 Nd7 7. O-O Ngf6 8.
Qe2 Nxe4 9. Bxe4 Bxe4 10. Qxe4 c6 11. c4 Be7 12. Bf4 O-O 13. Rfd1 Re8 14. Rd3
Qb6 15. b3 Bf6 16. Rad1 Qa5 17. a4 Rad8 18. h3 Nf8 19. Be5 Bxe5 20. Qxe5 Qb4 21.
Qh5 Qe7 22. Qa5 b6 23. Qh5 Ng6 24. g3 h6 25. Qg4 Qc7 26. Kg2 e5 27. dxe5 Rxd3
28. Rxd3 Nxe5 29. Nxe5 Qxe5 30. Rd7 a6 31. Qf3 Qe6 32. Rb7 c5 33. Ra7 a5 34. Rc7
Rd8 35. Rc6 Rd6 36. Rxd6 Qxd6 37. Qa8+ Kh7 38. Qe4+ g6 39. Qf3 1/2-1/2

[Event "TCh-TUR 2011"]
[Site "Konya TUR"]
[Date "2011.07.04"]
[Round "7"]
[White "Erbis, Baris"]
[Black "Komut, Burak"]
[Result "0-1"]
[WhiteElo "1933"]
[BlackElo "1980"]
[WhiteTeam "Turk Hava Yollari S.K."]
[BlackTeam "Bursa Tophane Meslek Lisesi S.K."]
[WhiteFideId "6305202"]
[BlackFideId "6309984"]
[EventDate "2011.06.28"]

1. e4 e5 2. Nf3 Nc6 3. Bb5 a6 4. Ba4 Nf6 5. d3 b5 6. Bb3 Be7 7. c3 O-O 8. Nbd2
d6 9. Nf1 Na5 10. Bc2 c5 11. Ng3 Nc6 12. O-O Re8 13. h3 d5 14. Qe2 d4 15. Bb3
Bf8 16. c4 Na5 17. Bc2 bxc4 18. dxc4 Rb8 19. Bd3 Nc6 20. Nh2 h6 21. Ng4 Nxg4 22.
hxg4 g6 23. f3 Nb4 24. b3 Kh7 25. Kf2 Be7 26. a3 Nc6 27. Bc2 a5 28. Qd3 Be6 29.
Rh1 Bg5 30. Nf5 Bxc1 31. Raxc1 Bxf5 32. exf5 e4 33. fxe4 Qg5 34. Rce1 Ne5 35.
Qg3 Nxg4+ 36. Kg1 Kg7 37. e5 Nxe5 38. Qxg5 hxg5 39. fxg6 Nf3+ 0-1

[Event "TCh-TUR 2011"]
[Site "Konya TUR"]
[Date "2011.07.04"]
[Round "7"]
[White "Donmez, Batuhan"]
[Black "Yargici, Mazhar Kutay"]
[Result "1/2-1/2"]
[WhiteElo "1849"]
[BlackElo "1926"]
[WhiteTeam "Bursa Tophane Meslek Lisesi S.K."]
[BlackTeam "Turk Hava Yollari S.K."]
[WhiteFideId "6326277"]
[BlackFideId "6310400"]
[EventDate "2011.06.28"]

1. e4 e5 2. Nf3 Nc6 3. Bc4 Bc5 4. c3 Nf6 5. d3 d6 6. O-O O-O 7. Bb3 Be6 8. Bg5
h6 9. Bh4 g5 10. Bg3 Bg4 11. h3 Bh5 12. Nbd2 Kh8 13. Nc4 a6 14. Qe2 Bg6 15. Nh2
Nh5 16. Kh1 Nf4 17. Bxf4 gxf4 18. g3 fxg3 19. fxg3 f5 20. exf5 Bxf5 21. g4 Bg6
22. Rxf8+ Qxf8 23. Rf1 Qe7 24. Nd2 Rf8 25. Ne4 Bb6 26. Rf3 Na5 27. Bc2 d5 28.
Ng3 Nc6 29. Rxf8+ Qxf8 30. Qf3 Qxf3+ 31. Nxf3 Be3 32. Nh4 Bf7 33. Kg2 Bc1 34. b3
Bd2 35. Ne2 d4 36. c4 Nb4 37. Bb1 b5 38. Nf3 Be3 39. Nxe5 Be8 40. a3 Nc6 41.
Nxc6 Bxc6+ 42. Kg3 Kg7 1/2-1/2